000 00234nam a22000977a 4500
999 _c260646
_d260645
020 _a9780545425049
100 _aDaisy Meadows
245 _aRainbow magic: Ashley the Dragon Fairy
260 _aNew York
_bScholastic
_c2009
942 _cBK